[Event "CHN-chT"]
[Site "Qingdao"]
[Date "2024.04.08"]
[Round "7.1"]
[White "Lin, Chen"]
[Black "Li, Chao B"]
[Result "1/2-1/2"]
[WhiteElo "2488"]
[BlackElo "2651"]
[PlyCount "60"]
[EventDate "2024.04.02"]
[EventType "team-swiss"]
[EventRounds "9"]
[EventCountry "CHN"]
[SourceTitle "CB16_2024"]
[SourceDate "2024.04.17"]
[SourceVersion "1"]
[SourceVersionDate "2024.04.17"]
[SourceQuality "1"]
[WhiteTeam "Jiangsu"]
[BlackTeam "Beijing"]
[WhiteTeamCountry "CHN"]
[BlackTeamCountry "CHN"]

1. e4 c5 2. Nf3 d6 3. Bb5+ Bd7 4. Bxd7+ Qxd7 5. c4 Nf6 6. Nc3 g6 7. 0-0 Bg7 8. d4 cxd4 9. Nxd4 0-0 10. f3 Rc8 11. b3 Nc6 12. Be3 Qd8 13. Rc1 Nd7 14. Qd2 Qa5 15. Rfd1 Nxd4 16. Bxd4 Bxd4+ 17. Qxd4 Qc5 18. Qxc5 Rxc5 19. Kf2 f6 20. Rd5 Rc6 21. Ke3 Kf7 22. Ne2 a6 23. f4 Rac8 24. Rf1 Nb6 25. Rd2 f5 26. Nc3 e6 27. Rfd1 Ke7 28. g3 h6 29. h3 R8c7 30. Ne2 Nc8 1/2-1/2

[Event "CHN-chT"]
[Site "Nanjing"]
[Date "2023.02.21"]
[Round "8.2"]
[White "Jiang, Haochen"]
[Black "Lin, Chen"]
[Result "0-1"]
[WhiteElo "1389"]
[BlackElo "2488"]
[PlyCount "126"]
[EventDate "2023.02.14"]
[EventType "team-swiss"]
[EventRounds "9"]
[EventCountry "CHN"]
[SourceTitle "CBM 212 Extra"]
[Source "ChessBase"]
[SourceDate "2023.03.31"]
[SourceVersion "1"]
[SourceVersionDate "2023.03.31"]
[SourceQuality "1"]
[WhiteTeam "Shenzhen"]
[BlackTeam "Jiangsu"]
[WhiteTeamCountry "CHN"]
[BlackTeamCountry "CHN"]

1. e4 c6 2. d4 d5 3. exd5 cxd5 4. Bd3 Nc6 5. c3 Nf6 6. Bf4 Bg4 7. Qb3 Qc8 8. Nd2 e6 9. Ngf3 Be7 10. 0-0 Bh5 11. Ne5 0-0 12. Qc2 Bg6 13. Nxg6 hxg6 14. Nf3 Nh5 15. Qd2 Nxf4 16. Qxf4 Qd8 17. Qg4 Bf6 18. h4 Re8 19. Rfe1 Qc7 20. Re2 Ne7 21. h5 gxh5 22. Qxh5 g6 23. Qh6 Bg7 24. Qg5 Qd8 25. Qf4 Nf5 26. Bxf5 gxf5 27. Rae1 Qf6 28. Ne5 Qh6 29. Qf3 Bxe5 30. Rxe5 Kg7 31. Qg3+ Qg6 32. Qf4 Rh8 33. R5e3 Qf6 34. Rg3+ Kf8 35. Qd6+ Qe7 36. Qe5 Rh7 37. Ree3 Rd8 38. Rh3 Rxh3 39. Rxh3 Ke8 40. c4 dxc4 41. Rh8+ Kd7 42. Qb5+ Kc8 43. Qxc4+ Kb8 44. Rxd8+ Qxd8 45. Qc5 a5 46. a4 b6 47. Qc4 Qd6 48. b3 Kb7 49. Qd3 Kc7 50. Kf1 Qa3 51. Ke2 Qb2+ 52. Kf3 Kd6 53. Qe3 Qc2 54. Qe5+ Ke7 55. Qe3 f6 56. Kg3 Qc7+ 57. Kf3 Qc2 58. Kg3 Qd1 59. d5 Qxd5 60. Qxb6 Qd6+ 61. Qxd6+ Kxd6 62. Kh4 Kc5 63. Kh5 Kb4 0-1

[Event "CHN-chT"]
[Site "Nanjing"]
[Date "2023.02.19"]
[Round "6.2"]
[White "Lou, Yiping"]
[Black "Lin, Chen"]
[Result "1/2-1/2"]
[WhiteElo "2500"]
[BlackElo "2488"]
[PlyCount "61"]
[EventDate "2023.02.14"]
[EventType "team-swiss"]
[EventRounds "9"]
[EventCountry "CHN"]
[SourceTitle "CBM 212 Extra"]
[Source "ChessBase"]
[SourceDate "2023.03.31"]
[SourceVersion "1"]
[SourceVersionDate "2023.03.31"]
[SourceQuality "1"]
[WhiteTeam "Shanghai"]
[BlackTeam "Jiangsu"]
[WhiteTeamCountry "CHN"]
[BlackTeamCountry "CHN"]

1. d4 d5 2. c4 c6 3. Nf3 Nf6 4. cxd5 cxd5 5. Nc3 Nc6 6. Bf4 Bf5 7. e3 e6 8. Qb3 Bb4 9. Ne5 Bxc3+ 10. bxc3 Nxe5 11. Bxe5 0-0 12. Be2 Rc8 13. Rc1 Ne4 14. f3 Nd6 15. 0-0 Nc4 16. Bxc4 Rxc4 17. Qxb7 Qc8 18. Qb3 Qc6 19. Rf2 Rc8 20. Rb2 f6 21. Bg3 Rxc3 22. Rxc3 Qxc3 23. Qxc3 Rxc3 24. Kf2 Rc2+ 25. Rxc2 Bxc2 26. Bb8 Bb1 27. Bxa7 Bxa2 28. h4 h5 29. Bc5 Bc4 30. Kg3 Kf7 31. Kf2 1/2-1/2

[Event "CHN-chT"]
[Site "Nanjing"]
[Date "2023.02.16"]
[Round "3.2"]
[White "Lin, Chen"]
[Black "Xiu, Deshun"]
[Result "1/2-1/2"]
[WhiteElo "2488"]
[BlackElo "2524"]
[PlyCount "60"]
[EventDate "2023.02.14"]
[EventType "team-swiss"]
[EventRounds "9"]
[EventCountry "CHN"]
[SourceTitle "CBM 212 Extra"]
[Source "ChessBase"]
[SourceDate "2023.03.31"]
[SourceVersion "1"]
[SourceVersionDate "2023.03.31"]
[SourceQuality "1"]
[WhiteTeam "Jiangsu"]
[BlackTeam "Beijing"]
[WhiteTeamCountry "CHN"]
[BlackTeamCountry "CHN"]

1. e4 e5 2. Nf3 Nc6 3. Nc3 Nf6 4. d4 exd4 5. Nxd4 Bb4 6. Nxc6 bxc6 7. Bd3 d5 8. exd5 cxd5 9. 0-0 0-0 10. Qf3 c6 11. Bg5 Rb8 12. Ne2 Bg4 13. Bxf6 Bxf3 14. Bxd8 Bxe2 15. Bxe2 Rfxd8 16. Rfd1 Bd6 17. Rab1 Be5 18. b3 Re8 19. Bf3 g6 20. c4 dxc4 21. bxc4 c5 22. g3 Bd4 23. Kg2 Kg7 24. h4 h5 25. Kf1 Kf6 26. Bc6 Rec8 27. Bd5 Re8 28. Bc6 Rec8 29. Bd5 Re8 30. Bc6 Rec8 1/2-1/2

[Event "CHN-chT"]
[Site "Nanjing"]
[Date "2023.02.15"]
[Round "2.2"]
[White "Li, Di"]
[Black "Lin, Chen"]
[Result "0-1"]
[WhiteElo "2546"]
[BlackElo "2488"]
[PlyCount "76"]
[EventDate "2023.02.14"]
[EventType "team-swiss"]
[EventRounds "9"]
[EventCountry "CHN"]
[SourceTitle "CBM 212 Extra"]
[Source "ChessBase"]
[SourceDate "2023.03.31"]
[SourceVersion "1"]
[SourceVersionDate "2023.03.31"]
[SourceQuality "1"]
[WhiteTeam "Chengdu"]
[BlackTeam "Jiangsu"]
[WhiteTeamCountry "CHN"]
[BlackTeamCountry "CHN"]

1. c4 c6 2. d4 d5 3. Nf3 Nf6 4. Nc3 dxc4 5. e4 b5 6. Be2 b4 7. Na4 Nxe4 8. Bxc4 e6 9. 0-0 Be7 10. Qe2 Nf6 11. Rd1 Nbd7 12. a3 bxa3 13. Ne5 axb2 14. Bxb2 Nxe5 15. dxe5 Nd5 16. Nc3 0-0 17. Ne4 Rb8 18. Rxa7 Qb6 19. Bd4 c5 20. Rxe7 cxd4 21. Bxd5 exd5 22. Nd6 Be6 23. h3 Qc5 24. Qd3 Rb4 25. f4 g6 26. Kh2 Qc3 27. Ne8 Rb3 28. Qxd4 Qg3+ 29. Kg1 Bxh3 30. Qf2 Qxf2+ 31. Kxf2 Rb2+ 32. Kg3 Bxg2 33. f5 Be4 34. Nf6+ Kg7 35. Nxe4 dxe4 36. f6+ Kh6 37. Rdd7 Kg5 38. Rxf7 Rfb8 0-1

[Event "CHN-chT Div-A Rapid"]
[Site "Fuling"]
[Date "2022.09.15"]
[Round "8.4"]
[White "Ma, Qun"]
[Black "Lin, Chen"]
[Result "1-0"]
[WhiteElo "2666"]
[BlackElo "2485"]
[PlyCount "77"]
[EventDate "2022.09.06"]
[EventType "team-tourn (rapid)"]
[EventRounds "11"]
[EventCountry "CHN"]
[SourceTitle "CBM 210 Extra"]
[Source "ChessBase"]
[SourceDate "2022.11.30"]
[SourceVersion "1"]
[SourceVersionDate "2022.11.30"]
[SourceQuality "1"]
[WhiteTeam "Hangzhou Bank"]
[BlackTeam "Jiangsu"]
[WhiteTeamCountry "CHN"]
[BlackTeamCountry "CHN"]

1. d4 Nf6 2. c4 g6 3. Nc3 Bg7 4. e4 0-0 5. h3 d6 6. Bg5 h6 7. Be3 c5 8. d5 e6 9. Nf3 exd5 10. cxd5 a6 11. a4 Re8 12. Nd2 Nxe4 13. Ncxe4 f5 14. Bd3 fxe4 15. Bxe4 Bf5 16. Bxf5 gxf5 17. 0-0 Nd7 18. Rb1 Qf6 19. Nf3 Ne5 20. b4 Nxf3+ 21. Qxf3 c4 22. b5 a5 23. Rbc1 c3 24. Rfd1 Re4 25. Rd3 Rc8 26. Qd1 Rec4 27. Qc2 Rb4 28. Qd1 Rcc4 29. Bb6 Rxa4 30. Rdxc3 Rxc3 31. Rxc3 Qxc3 32. Qxa4 Qe1+ 33. Kh2 Qe5+ 34. g3 Qxd5 35. Qxa5 Kh7 36. Be3 Qc4 37. Qb6 Be5 38. Qxb7+ Kg6 39. Qc6 1-0

[Event "CHN-chT"]
[Site "Liaocheng"]
[Date "2021.10.27"]
[Round "8.1"]
[White "Dai, Changren"]
[Black "Lin, Chen"]
[Result "1-0"]
[WhiteElo "2506"]
[BlackElo "2489"]
[PlyCount "83"]
[EventDate "2021.10.20"]
[EventType "team-swiss"]
[EventRounds "9"]
[EventCountry "CHN"]
[SourceTitle "CBM 204 Extra"]
[Source "ChessBase"]
[SourceDate "2021.11.30"]
[SourceVersion "1"]
[SourceVersionDate "2021.11.30"]
[SourceQuality "1"]
[WhiteTeam "Tianjin"]
[BlackTeam "Jiangsu"]
[WhiteTeamCountry "CHN"]
[BlackTeamCountry "CHN"]

1. e4 c6 2. d4 d5 3. e5 c5 4. Nf3 cxd4 5. Qxd4 Nc6 6. Qf4 e6 7. Nc3 a6 8. Bd3 Qc7 9. 0-0 Nge7 10. Re1 Ng6 11. Qg3 Nb4 12. h4 Nxd3 13. cxd3 h5 14. Be3 Bd7 15. Rac1 Qa5 16. a3 Rc8 17. Bg5 d4 18. Nxd4 Qb6 19. Be3 Qd8 20. Ne4 Rxc1 21. Rxc1 Qb8 22. Nf3 Bc6 23. Neg5 Bd5 24. Nd4 Nxe5 25. Bf4 Bd6 26. Re1 Nf3+ 27. Ngxf3 Bxf4 28. Qxg7 Rf8 29. Ng5 Bxg5 30. Qxg5 Kd7 31. Qxh5 Qf4 32. Qe5 Qg4 33. f3 Qg6 34. Rc1 Rc8 35. Rxc8 Kxc8 36. h5 Qh6 37. Ne2 f6 38. Qf4 Qxh5 39. Qxf6 e5 40. Ng3 Qe8 41. Nf5 Kb8 42. Qd6+ 1-0

[Event "CHN-chT"]
[Site "China"]
[Date "2019.07.26"]
[Round "10.5"]
[White "Lin, Chen"]
[Black "Nguyen, Ngoc Truong Son"]
[Result "1/2-1/2"]
[WhiteElo "2508"]
[BlackElo "2636"]
[PlyCount "45"]
[EventDate "2019.04.09"]
[EventType "team-tourn"]
[EventRounds "22"]
[EventCountry "CHN"]
[SourceTitle "EXT 2020"]
[Source "ChessBase"]
[SourceDate "2019.10.17"]
[SourceVersion "1"]
[SourceVersionDate "2019.10.17"]
[SourceQuality "1"]
[WhiteTeam "Jiangsu"]
[BlackTeam "Beijing Beiao"]
[WhiteTeamCountry "CHN"]
[BlackTeamCountry "CHN"]

1. e4 c5 2. Nf3 Nc6 3. c3 Nf6 4. e5 Nd5 5. d4 cxd4 6. cxd4 d6 7. Bc4 e6 8. 0-0 Be7 9. Bxd5 exd5 10. Bf4 0-0 11. Nc3 Be6 12. Re1 dxe5 13. Nxe5 Rc8 14. Nxc6 Rxc6 15. Qf3 Bb4 16. Re3 Qf6 17. Qg3 Rfc8 18. h3 h5 19. Be5 Qh6 20. Bf4 Qf6 21. Be5 Qh6 22. Bf4 Qf6 23. Be5 1/2-1/2

[Event "CHN-chT"]
[Site "China"]
[Date "2019.05.08"]
[Round "6.28"]
[White "Xu, Yinglun"]
[Black "Lin, Chen"]
[Result "1-0"]
[WhiteElo "2532"]
[BlackElo "2508"]
[PlyCount "95"]
[EventDate "2019.04.09"]
[EventType "team-tourn"]
[EventRounds "22"]
[EventCountry "CHN"]
[SourceTitle "CBM 190 Extra"]
[Source "ChessBase"]
[SourceDate "2019.07.15"]
[SourceVersion "1"]
[SourceVersionDate "2019.07.15"]
[SourceQuality "1"]
[WhiteTeam "Shenzhen Longgang"]
[BlackTeam "Jiangsu"]
[WhiteTeamCountry "CHN"]
[BlackTeamCountry "CHN"]

1. Nf3 Nf6 2. c4 c6 3. Nc3 d5 4. e3 a6 5. d4 Bf5 6. cxd5 cxd5 7. Ne5 Nc6 8. Be2 Rc8 9. Qb3 Qc7 10. Bd2 e6 11. Rc1 Nxe5 12. dxe5 Nd7 13. 0-0 Nc5 14. Qd1 Qd7 15. Na4 Nxa4 16. Rxc8+ Qxc8 17. Qxa4+ Qd7 18. Qa5 Be7 19. Rc1 Bd8 20. Qc5 f6 21. exf6 gxf6 22. b4 Qe7 23. Qd4 Kf7 24. b5 axb5 25. Bb4 Qd7 26. Qc5 b6 27. Qxb5 Qxb5 28. Bxb5 h5 29. f3 e5 30. a4 Be6 31. Kf2 h4 32. Bd6 Kg6 33. Rd1 Kf7 34. Rc1 Kg6 35. Ke2 Rg8 36. Rc2 Rg7 37. Bc6 Bd7 38. Bxd5 Bxa4 39. Rd2 Be7 40. Kf2 Bxd6 41. Be4+ f5 42. Rxd6+ Kg5 43. Bb1 b5 44. g3 hxg3+ 45. hxg3 Rf7 46. f4+ exf4 47. exf4+ Kh5 48. Bd3 1-0

[Event "CHN-chT"]
[Site "China"]
[Date "2019.04.12"]
[Round "4.5"]
[White "Zeng, Chongsheng"]
[Black "Lin, Chen"]
[Result "1/2-1/2"]
[WhiteElo "2539"]
[BlackElo "2508"]
[PlyCount "61"]
[EventDate "2019.04.09"]
[EventType "team-tourn"]
[EventRounds "22"]
[EventCountry "CHN"]
[SourceTitle "CBM 189 Extra"]
[Source "ChessBase"]
[SourceDate "2019.06.03"]
[SourceVersion "1"]
[SourceVersionDate "2019.06.03"]
[SourceQuality "1"]
[WhiteTeam "Chongqing Sports Lottery"]
[BlackTeam "Jiangsu"]
[WhiteTeamCountry "CHN"]
[BlackTeamCountry "CHN"]

1. e4 e5 2. Nf3 Nc6 3. Bc4 Bc5 4. c3 Nf6 5. d4 exd4 6. e5 d5 7. Bb5 Ne4 8. cxd4 Bb4+ 9. Bd2 Be7 10. Nc3 0-0 11. h3 a6 12. Ba4 Nb4 13. 0-0 c5 14. Be3 b5 15. a3 bxa4 16. axb4 Nxc3 17. bxc3 cxb4 18. cxb4 Bd7 19. Qd2 Qb6 20. Rfb1 Rfb8 21. Qa2 Qb5 22. Bd2 h6 23. e6 fxe6 24. Ne5 Be8 25. Qc2 Bd6 26. Qd1 Bxe5 27. dxe5 Bg6 28. Rc1 Rc8 29. Rxc8+ Rxc8 30. Qxa4 Qxa4 31. Rxa4 1/2-1/2

[Event "CHN-chT"]
[Site "China"]
[Date "2019.04.10"]
[Round "2.4"]
[White "Malakhov, Vladimir"]
[Black "Lin, Chen"]
[Result "1-0"]
[WhiteElo "2667"]
[BlackElo "2508"]
[PlyCount "91"]
[EventDate "2019.04.09"]
[EventType "team-tourn"]
[EventRounds "22"]
[EventCountry "CHN"]
[SourceTitle "CBM 189 Extra"]
[Source "ChessBase"]
[SourceDate "2019.06.03"]
[SourceVersion "1"]
[SourceVersionDate "2019.06.03"]
[SourceQuality "1"]
[WhiteTeam "Tianjin"]
[BlackTeam "Jiangsu"]
[WhiteTeamCountry "CHN"]
[BlackTeamCountry "CHN"]

1. e4 e5 2. Nf3 Nc6 3. Bb5 a6 4. Ba4 Nf6 5. d3 b5 6. Bb3 Bc5 7. Nc3 d6 8. Nd5 h6 9. c3 Rb8 10. 0-0 0-0 11. h3 Nxd5 12. Bxd5 Ne7 13. Bb3 Ng6 14. d4 Bb6 15. a4 Bb7 16. d5 Bc8 17. Bc2 Bd7 18. Bd3 Qf6 19. axb5 axb5 20. Qe2 Nf4 21. Bxf4 Qxf4 22. Kh1 g6 23. b4 h5 24. g3 Qh6 25. Kg2 f5 26. h4 f4 27. Qd2 Rf6 28. Ng5 Qf8 29. Ra6 Qe7 30. Be2 fxg3 31. fxg3 Rxf1 32. Kxf1 Rf8+ 33. Bf3 Bg4 34. Kg2 Qd7 35. Qd3 Bxf3+ 36. Nxf3 Qg4 37. Ra2 Qd7 38. Ng5 Qe8 39. Qd1 Be3 40. Ne6 Rf6 41. Qe1 Bb6 42. Qa1 Qe7 43. Ra8+ Kh7 44. Qa6 Rf2+ 45. Kh3 Qd7 46. Rd8 1-0

[Event "Kavala op 27th"]
[Site "Kavala"]
[Date "2018.08.08"]
[Round "5"]
[White "Charkhalashvili, Inga"]
[Black "Lin, Chen"]
[Result "0-1"]
[WhiteElo "2313"]
[BlackElo "2506"]
[PlyCount "144"]
[EventDate "2018.08.05"]
[EventType "swiss"]
[EventRounds "9"]
[EventCountry "GRE"]
[SourceTitle "CBM 186 Extra"]
[Source "ChessBase"]
[SourceDate "2018.08.24"]
[SourceVersion "1"]
[SourceVersionDate "2018.08.24"]
[SourceQuality "1"]

1. d4 d5 2. c4 c6 3. Nc3 Nf6 4. e3 a6 5. Nf3 Bf5 6. Qb3 Ra7 7. Be2 e6 8. Ne5 Nbd7 9. 0-0 Be7 10. f4 Ne4 11. Bf3 Nxe5 12. fxe5 Ng5 13. Be2 Bg6 14. c5 0-0 15. Bd2 f6 16. exf6 Bxf6 17. Be1 e5 18. dxe5 Bxe5 19. Rxf8+ Kxf8 20. Rd1 Qe7 21. Bf2 Ra8 22. h4 Ne6 23. Na4 Kg8 24. Bd3 Bxd3 25. Qxd3 Rf8 26. Qc2 Bf6 27. Bg3 Qd8 28. Qf5 Re8 29. Qg4 Nf8 30. e4 h5 31. Qxh5 Rxe4 32. Nc3 Bd4+ 33. Kh2 Bxc3 34. bxc3 Nh7 35. Rd4 Nf6 36. Qf5 Qe8 37. Kh3 Re3 38. Rd3 Rxd3 39. Qxd3 Qe4 40. Qf3 Qe6+ 41. Kh2 Ne4 42. Qf4 Nxc5 43. Qb4 Qe3 44. Bf4 Qf2 45. Bg3 Qf8 46. a4 b5 47. axb5 axb5 48. Qg4 Qe8 49. Bf2 Qe5+ 50. Bg3 Qe6 51. Qh5 Nd7 52. Bf4 Nf6 53. Qf3 Qf5 54. Bd6 Qg6 55. Qf4 Qe4 56. Qg5 Qe6 57. Qf4 Kf7 58. Bc5 Qe4 59. Qc7+ Kg8 60. Qxc6 Qxh4+ 61. Kg1 Qe1+ 62. Kh2 Qxc3 63. Qe6+ Kh7 64. Bd6 Kg6 65. g4 Qc2+ 66. Kh3 Qe4 67. Qc8 Qh1+ 68. Bh2 Qf3+ 69. Kh4 d4 70. Be5 Qf2+ 71. Bg3 Qf3 72. Be5 Qh1+ 0-1

[Event "Kavala op 27th"]
[Site "Kavala"]
[Date "2018.08.05"]
[Round "1"]
[White "Dolgun, Can"]
[Black "Lin, Chen"]
[Result "1/2-1/2"]
[WhiteElo "2034"]
[BlackElo "2506"]
[PlyCount "148"]
[EventDate "2018.08.05"]
[EventType "swiss"]
[EventRounds "9"]
[EventCountry "GRE"]
[SourceTitle "CBM 186 Extra"]
[Source "ChessBase"]
[SourceDate "2018.08.24"]
[SourceVersion "1"]
[SourceVersionDate "2018.08.24"]
[SourceQuality "1"]

1. e4 c5 2. Nf3 e6 3. d4 cxd4 4. Nxd4 Nc6 5. Nc3 a6 6. Be3 Nf6 7. Bd3 Qc7 8. 0-0 h5 9. h3 b5 10. Nxc6 Qxc6 11. e5 b4 12. Ne2 Bb7 13. f3 Bc5 14. Bf2 Nd5 15. Be4 Qc7 16. Bxd5 Bxd5 17. Bxc5 Qxc5+ 18. Nd4 Rc8 19. Rf2 g5 20. a3 a5 21. Qd2 Rg8 22. axb4 axb4 23. Rd1 d6 24. exd6 Qxd6 25. Nb5 Qe7 26. Qe3 Kf8 27. c3 Qc5 28. Nd4 bxc3 29. Rc2 Qe7 30. Rxc3 Rxc3 31. bxc3 Qf6 32. Nc6 Bxc6 33. Qc5+ Kg7 34. Qxc6 Rb8 35. Qd6 Rc8 36. Qd4 Rxc3 37. Qxf6+ Kxf6 38. Rd2 h4 39. Kf2 Kf5 40. Ra2 Rc4 41. Ke3 Rb4 42. Rc2 Ra4 43. Rb2 Ra5 44. Rc2 Ke5 45. Rb2 f5 46. Rc2 Ra3+ 47. Kf2 Kd4 48. Rd2+ Rd3 49. Ra2 Rb3 50. Rc2 e5 51. Rd2+ Rd3 52. Ra2 e4 53. fxe4 fxe4 54. Ra4+ Ke5 55. Ra8 Rd5 56. Ke3 Rd3+ 57. Kf2 Rc3 58. Re8+ Kd4 59. Rd8+ Ke5 60. Re8+ Kf5 61. Rf8+ Kg6 62. Rg8+ Kf6 63. Rf8+ Kg7 64. Re8 Rc2+ 65. Kf1 Rc4 66. Kf2 Kf7 67. Ra8 Rc2+ 68. Ke3 Rxg2 69. Kxe4 Rf2 70. Ra6 Kg7 71. Rb6 Rf6 72. Rxf6 Kxf6 73. Kf3 Kf5 74. Ke3 Ke5 1/2-1/2

[Event "CHN-chT2"]
[Site "Jiangmen"]
[Date "2018.07.10"]
[Round "2.1"]
[White "Lin, Chen"]
[Black "Wang, Zijian"]
[Result "1-0"]
[WhiteElo "2508"]
[BlackElo "1849"]
[PlyCount "89"]
[EventDate "2018.07.10"]
[EventType "team-swiss"]
[EventRounds "11"]
[EventCountry "CHN"]
[SourceTitle "EXT 2019"]
[Source "ChessBase"]
[SourceDate "2018.10.10"]
[SourceVersion "1"]
[SourceVersionDate "2018.10.10"]
[SourceQuality "1"]
[WhiteTeam "Jiangsu Chess Academy"]
[BlackTeam "Chengdu Chess Academy"]
[WhiteTeamCountry "CHN"]
[BlackTeamCountry "CHN"]

1. d4 d5 2. Bf4 Nf6 3. e3 c5 4. c3 Nc6 5. Nd2 Bf5 6. Ngf3 e6 7. Nh4 Bg4 8. Qb3 Qb6 9. h3 Bh5 10. g4 Bg6 11. Nxg6 hxg6 12. Be2 Nd7 13. h4 Be7 14. Nf3 Na5 15. Qxb6 axb6 16. Bb5 Nc6 17. a4 c4 18. Ke2 f6 19. Bc7 Kf7 20. Rab1 Rhc8 21. Bf4 Nf8 22. b3 cxb3 23. Nd2 Na5 24. Kd3 Nc6 25. Rxb3 Na7 26. Ra1 Nxb5 27. Rxb5 Nd7 28. c4 dxc4+ 29. Nxc4 Rc6 30. a5 bxa5 31. Rxb7 Ke8 32. Rxa5 Rd8 33. Rc7 Nc5+ 34. Ke2 Rxc7 35. Bxc7 Rc8 36. Ra7 Nd7 37. Kd3 e5 38. dxe5 Nxe5+ 39. Bxe5 fxe5 40. Nxe5 Bxh4 41. Rxg7 Kd8 42. Rg8+ Kc7 43. Rxc8+ Kxc8 44. f4 g5 45. Nf3 1-0

[Event "CHN-chT2"]
[Site "Jiangmen"]
[Date "2018.07.10"]
[Round "1.1"]
[White "Lu, Kaiyan"]
[Black "Lin, Chen"]
[Result "0-1"]
[WhiteElo "1681"]
[BlackElo "2508"]
[PlyCount "72"]
[EventDate "2018.07.10"]
[EventType "team-swiss"]
[EventRounds "11"]
[EventCountry "CHN"]
[SourceTitle "EXT 2019"]
[Source "ChessBase"]
[SourceDate "2018.10.10"]
[SourceVersion "1"]
[SourceVersionDate "2018.10.10"]
[SourceQuality "1"]
[WhiteTeam "Taiyuan Huxiaoling"]
[BlackTeam "Jiangsu Chess Academy"]
[WhiteTeamCountry "CHN"]
[BlackTeamCountry "CHN"]

1. e4 c5 2. Nf3 d6 3. d4 cxd4 4. Nxd4 Nf6 5. Nc3 Nc6 6. Be2 e6 7. 0-0 Be7 8. Kh1 0-0 9. f4 a6 10. a4 Qc7 11. Be3 Rb8 12. Nb3 b6 13. Bf3 Bb7 14. g4 Nd7 15. Bg2 Na5 16. Nd4 Rbc8 17. g5 Rfe8 18. Qh5 Nc4 19. Bc1 g6 20. Qh4 Bf8 21. b3 Ne3 22. Bxe3 Qxc3 23. Bg1 Bg7 24. Rad1 Nc5 25. f5 exf5 26. exf5 Bxg2+ 27. Kxg2 Bxd4 28. Bxd4 Qxc2+ 29. Kg1 Re4 30. Qf2 Rg4+ 31. Kh1 Qe4+ 32. Qf3 gxf5 33. Bf6 Rf4 34. Qxe4 Rxf1+ 35. Rxf1 fxe4 36. Rd1 Nd3 0-1